000 01702nam2a2200229 4500
001 RU\NLR\BIBL_A\011438621
005 20250626065228.0
010 _a978-5-91153-115-7
035 _a(NLR Aleph) 011438621
090 _a11689124
_c11689124
100 _a20170713d2017 |||y0rusy50 ca
101 0 _arus
102 _aRU
200 1 _aМатериалы Всероссийской научно-практической конференции "Экономика и управление: анализ тенденций и перспектив развития", г. Грозный, 6 мая 2017 г.
210 _d2017
_aБ. м.
461 0 _1001RU\NLR\Per\1068679
_12001#$aФГУ Science$eнаучный журнал Факультета государственного управления$fЧечен. гос. ун-т, Фак. гос. упр.$v2017, № 1 (9), ч. 2
_910124823
_aЧеченский государственный университет (Грозный). Факультет государственного управления
_cАрмавир
_d2013 -
_fЧечен. гос. ун-т, Фак. гос. упр.
_nШурыгин Виталий Евгеньевич
_oнаучный журнал Факультета государственного управления
_tФГУ Science
_x2687-1602
_v2017, № 1 (9), ч. 2
710 1 2 _a"Экономика и управление: анализ тенденций и перспектив развития", всероссийская научно-практическая конференция
_eГрозный
_f2017
_9562238
_3RU\NLR\AUTH\880449348
852 _aNLR
_jП23/8822
942 _cISSUE
980 _aNB
980 _aRUSPER